| 000 | 01180cam a2200325 a 4500 | ||
|---|---|---|---|
| 999 |
_c9405 _d9405 |
||
| 001 | 9405 | ||
| 003 | BD-JhCC | ||
| 005 | 20180313192739.0 | ||
| 008 | 900425s1991 nyuabf b 001 0 eng | ||
| 020 | _a0024295752 | ||
| 035 | _a(BD-JhCC)9405 | ||
| 040 |
_aDLC _cDLC _dDLC _dBD-JhCC |
||
| 041 | _aeng | ||
| 050 | 0 | 0 |
_aJN94.A2 _bW66 1991 |
| 082 | 0 | 0 |
_a306.2/094 _220 _bWOO 1991 |
| 100 | 1 |
_aWood, David Michael, _d1934- |
|
| 245 | 1 | 0 |
_aPower and policy in Western European democracies / _cDavid M. Wood. |
| 250 | _a4th ed. | ||
| 260 |
_aNew York : _bMacmillan Pub. Co., _cc1991. |
||
| 300 |
_aviii, 240 p., [3] p. of plates : _bill., maps ; _c24 cm. |
||
| 500 | _aCover title: Power & policy in Western European democracies. | ||
| 500 | _a"... also forms part one of a three-part hardback text entitled Comparing political systems ... 4th edition"--Pref. | ||
| 504 | _aIncludes bibliographical references and index. | ||
| 650 | 0 | _aComparative government. | |
| 651 | 0 |
_aEurope _zPolitics and government _y1945- |
|
| 700 | 1 |
_aBertsch, Gary K. _tComparing political systems. |
|
| 740 | 0 | _aPower & policy in Western European democracies. | |
| 942 |
_2ddc _cBK |
||